000 00261nam a2200109Ia 4500
001 588634
005 20250717120835.0
008 250717s9999 xx 000 0 und d
245 0 _aV-5 SINAV KORKUSU
_cFANNY JOLY
260 _bERDEM YAYINLARI
_c2017
300 _b48
999 _c588634
_d588634